<?xml version="1.0" encoding="UTF-8"?><?xml-stylesheet type="text/xsl" href="static/style.xsl"?><OAI-PMH xmlns="http://www.openarchives.org/OAI/2.0/" xmlns:xsi="http://www.w3.org/2001/XMLSchema-instance" xsi:schemaLocation="http://www.openarchives.org/OAI/2.0/ http://www.openarchives.org/OAI/2.0/OAI-PMH.xsd"><responseDate>2026-06-07T19:00:47Z</responseDate><request verb="GetRecord" identifier="oai:docta.ucm.es:20.500.14352/102737" metadataPrefix="marc">https://docta.ucm.es/rest/oai/request</request><GetRecord><record><header><identifier>oai:docta.ucm.es:20.500.14352/102737</identifier><datestamp>2024-05-22T10:02:50Z</datestamp><setSpec>com_20.500.14352_14</setSpec><setSpec>col_20.500.14352_18</setSpec></header><metadata><record xmlns="http://www.loc.gov/MARC21/slim" xmlns:dcterms="http://purl.org/dc/terms/" xmlns:xsi="http://www.w3.org/2001/XMLSchema-instance" xmlns:doc="http://www.lyncode.com/xoai" xsi:schemaLocation="http://www.loc.gov/MARC21/slim http://www.loc.gov/standards/marcxml/schema/MARC21slim.xsd">
   <leader>00925njm 22002777a 4500</leader>
   <datafield ind2=" " ind1=" " tag="042">
      <subfield code="a">dc</subfield>
   </datafield>
   <datafield ind2=" " ind1=" " tag="720">
      <subfield code="a">Gamboa Pérez, María</subfield>
      <subfield code="e">author</subfield>
   </datafield>
   <datafield ind2=" " ind1=" " tag="260">
      <subfield code="c">2023</subfield>
   </datafield>
   <datafield ind2=" " ind1=" " tag="520">
      <subfield code="a">La motivación de este libro ha partido de un hecho experimental: el acoplamiento de la vibración de una cuerda de guitarra en otra anudada a la anterior. Para este primer acercamiento se han considerado únicamente las vibraciones de una cuerda que parte del reposo mecánico y es forzada únicamente en un extremo.  El trabajo se divide en dos partes en las que respectivamente se abordan los problemas continuos y discretos. Se ha comenzado con un estudio detallado del modelo sin forzamiento o de vibraciones libres, deteniéndonos en la obtención de soluciones clásicas hasta la frontera o en cualquier subconjunto compacto interior. En el siguiente capítulo se han estudiado las vibraciones producidas por un único forzamiento en el extremo derecho de la cuerda, partiendo de un estado inicial nulo. Mediante un cambio de variable se ha pasado el forzamiento a la ecuación. Al tratarse de un problema no homogéneo, se ha usado el Principio de Duhamel para abordarle mediante la acumulación de familia de soluciones de problemas homogéneos, vibraciones libres. En el último capítulo se ha ilustrado esta aproximación mediante  la simulación del experimento con dos tipos de forzamientos: parabólicos y armónicos en las que la eventual coincidencia de su frecuencia con las naturales de vibración pueden producir el efecto de resonancia en frecuencia.</subfield>
   </datafield>
   <datafield ind1="8" ind2=" " tag="024">
      <subfield code="a">978-99993-1-103-8</subfield>
   </datafield>
   <datafield ind1="8" ind2=" " tag="024">
      <subfield code="a">https://hdl.handle.net/20.500.14352/102737</subfield>
   </datafield>
   <datafield ind1="8" ind2=" " tag="024">
      <subfield code="a">https://www.elivabooks.com/en/book/book-6665681739</subfield>
   </datafield>
   <datafield ind2="0" ind1="0" tag="245">
      <subfield code="a">Vibraciones libres y forzadas: Simulación del acoplamiento de dos cuerdas vibrantes</subfield>
   </datafield>
</record></metadata></record></GetRecord></OAI-PMH>